| 000 -Etiqueta do registo | |
|---|---|
| campo de controlo de comprimento fixo | 006540000a22001930004500 |
| 001 - Identificador do registo | |
| Campo de controlo | 36755 |
| 100 ## - Dados Gerais de Proc. | |
| Dados gerais de processamento | 20170428d2017 m y0pory5003 ba |
| 101 0# - Língua da publicação | |
| Língua do texto, banda sonora, etc. | Português |
| 102 ## - País de Publicação | |
| País de publicação | Portugal |
| 200 1# - Título | |
| Título próprio | Jó |
| Informação de outro título | romance de um homem simples |
| Primeira menção de responsabilidade | Joseph Roth |
| Outras menções de responsabilidade | trad. do alemão (Áustria) por Catarina Pacheco |
| 210 ## - Publicação, Distribuição | |
| Lugar da edição, distribuição, etc. | Lisboa |
| Nome do editor, distribuidor, etc. | Ulisseia |
| Data da publicação, distribuição, etc. | 2010 |
| 215 ## - Descrição física | |
| Descrição física | 215, [3] p. |
| 304 ## - Título e responsabilidade | |
| Texto da nota | Tít. orig. : Hiob : roman eines einfachen mannes |
| 675 ## - CDU | |
| Notação | 821.112.2(436)-32"19" |
| Edição | BN |
| Língua da edição | Português |
| 700 #1 - Responsabilidade principal | |
| Palavra de ordem | Roth |
| Outra parte do nome | Joseph |
| Datas | 1894-1939 |
| 702 #1 - Responsabilidade secundária | |
| Koha Internal Code | 34973 |
| Código de função | Tradutor |
| Palavra de ordem | Pacheco |
| Outra parte do nome | Catarina |
| 090 ## - Números de controlo do sistema (Koha) | |
| Número biblioitem do Koha (gerado automaticamente) | 36755 |
| 942 ## - Elementos de entrada adicionados (Koha) | |
| Tipo de item no Koha | Monografias |
| Suprimido | Disponível no OPAC |
| 999 ## - Campo local | |
| Campo local | 36755 |
| -- | Bibliobase - BMTAV |
| -- | 2019-01-21 |
| Removido (estado) | Perdido (estado) | Data de aquisição | Origem do registo (biblioteca) (codificado) | Código da organização que empresta ou é detentora (biblioteca) | Código de barras | Local | Número de inventário | Cota | Data de empréstimo ou depósito | Tipo de circulação (não pode ser emprestado) | Tipo de item e material |
|---|---|---|---|---|---|---|---|---|---|---|---|
| Disponível | Disponível | 2017-04-28 | Biblioteca Municipal Álvaro de Campos | Biblioteca Municipal Álvaro de Campos | BMTAV56235 | Sala de Adultos | 56235 | R7 ROT | 2025-01-07 | Normal | Monografias |